Loading...
Samakalin hindi natak: Yogbodh
| Hovedforfatter: | |
|---|---|
| Format: | Printed Book |
| Udgivet: |
Kanpur:
Aman,
2016
|
| LEADER | 00431nam a22001337a 4500 | ||
|---|---|---|---|
| 008 | 140827b ii||||| |||| 00| 0 hin d | ||
| 999 | |c 248514 |d 248514 | ||
| 020 | |a 9789385389047 | ||
| 100 | |a Uma R Hegde | ||
| 245 | |a Samakalin hindi natak: Yogbodh | ||
| 260 | |a Kanpur: |b Aman, |c 2016 | ||
| 546 | |a in Hindi | ||
| 942 | |c BK | ||
| 952 | |0 0 |1 0 |4 0 |6 S_25_000000000000000 |7 0 |9 275852 |a HIN |b HIN |c ST1 |d 2018-02-08 |i 25388 |l 0 |o s25 |p HIN25388 |r 2018-02-08 |w 2018-02-08 |y BK | ||